marque de moto par modele - Statistiques

Statistiques générales
  • Ce quiz a été pris 632 fois
  • Le résultat moyen est 9 sur 15
Statistiques - réponses
Hint Réponse % Correct
r1M yamaha
97%
s1000RR bmw
93%
1290 super duke RR ktm
93%
zx-10R kawasaki
89%
gsx-8S suzuki
89%
gold wing dct honda
72%
tuono 660 factory aprilia
65%
rocket 3 triumph
58%
800 brutale mv agusta
57%
fat bob 114 harley davidson
56%
svartpilen husqvarna
35%
roadmaster dark horse indian
31%
xb12SS lightning buell
18%
drakon 125 malaguti
13%
450 FE-E husaberg
12%
Aucun quiz correspondant
Distribution des résultats
% des personnes avec chaque résultat
Percentile par nombre de réponses
Votre historique - résultats
Vous n’avez pas pris ce quiz